Countries With Most Borders Per Letter Of The Alphabet - Statistics

General Stats
  • This quiz has been taken 32 times
  • The average score is 21 of 24
Answer Stats
Letter/Borders Answer % Correct
O 3 OMAN
100%
Y 2 YEMEN
100%
Q 1 QATAR
97%
R 14 RUSSIA
97%
V 3 VIETNAM OR VENEZUELA
97%
Z 8 ZAMBIA
97%
C 14 CHINA
93%
G 9 GERMANY
93%
I 7 INDIA OR IRAN
93%
B 10 BRAZIL
90%
F10 FRANCE
90%
H 7 HUNGARY
90%
J 5 JORDAN
90%
K 5 KAZAKHSTAN OR KENYA
90%
E 5 ETHIOPIA
87%
T 8 TANZANIA OR TURKEY
83%
D 9 DEMOCRATIC REPUBLIC OF THE CONGO
80%
N 7 NIGER
80%
U 7 UKRAINE
80%
P 7 POLAND
73%
S8 SERBIA
73%
M 7 MALI
70%
A 8 AUSTRIA
67%
L 6 LIBYA
57%
No matching quizzes found
Score Distribution
Percent of People with Each Score
Percentile by Number Answered
Your Score History
You have not taken this quiz